Rodzaje sosów - Statystyki

Ogólne statystyki
  • Ten quiz został rozwiązany 1 101 razy
  • Średni wynik to 6 z 17
Statystyki odpowiedzi
Odpowiedzi % Poprawnych
Ketchup
92%
Czosnkowy
85%
1000 wysp
80%
Musztarda
76%
BBQ
55%
Amerykański
43%
Meksykański
39%
Arabski
31%
Duński
31%
Serowy chilli
31%
Paprykowy
17%
Salsa
14%
Curry mango
10%
Firecracker
9%
Bazyliowy
8%
Tzatziki
8%
Gyros
4%
Nie znaleziono quizów pasujących do podanych kryteriów
Rozkład punktacji
Procent ludzi z każdym wynikiem
Percentyl według liczby udzielonych odpowiedzi
Twoja historia wyników
Nie rozwiązałeś tego quizu